000 00934nam a22002537a 4500
005 20180216111932.0
010 _aBAC-EN21 ENG-111609
020 _c1500.00
_a9789350501252
035 _aEN-95141
035 _aB-578538-555
035 _aB-663757
037 _adpl
_bB.R.Pub/Ven
037 _aDBAD/PUB
082 _a823.009954
245 _aSahitya Akademi award winning English novels /
_cedited by Vivekanand Jha [and] Rajnish Mishra
260 _a Delhi
_bB.R.Publishing
_c2013
270 _a425,Nimri Colony,Ashok Vihar,Phase-IV
_bDelhi
_e110052
300 _axxi,418p.
_c23cm(Hb)
700 _aJha,Vivekanand
700 _aMishra,Rajnish
942 _2ddc
_cEN
_h823.009954
_mSAH
999 _c89559
_d89559